00701nam a22001577a 4500003000900000005001700009008004100026040001300067100002200080245003000102250000600132260002200138300002000160490000600180520035700186IT-RoPau20220918175940.0130201b xxu||||| |||| 00| 0 eng d cIT-RoPau aChiesa, Francesco aIntroduzione all'Ascetica aI aAlbabPSSPc(S.d) a417 p.c18,5 cm vI aIndice Prefazione Generalità€ Appendice Capo primo La Perfezione Capo secondo Il fine della vina Capo terzo Principio della vita spirituale Capo quarto Il compito della vita spirituale Capo quinto I sette impedimenti della vita spirituale Capo sesto Mezzi di di vita spirituale Capo settimo Gradi della vita spirituale Capo ottavo Ricapitolazione